000 00538nam a2200145 i 4500
001 190257
003 ES-MaACL
005 20230906223700.0
008 201002s1891 sp |||| | spa d
110 2 _aInstituto Agricola de Alfonso XII.
_bEstación Agronómica.
_9170375
245 1 0 _aReglamento, instrucciones y tarifas del Instituto Agrícola de Alfonso XII
_b: aprobado por Real Orden de 26 de junio de 1891.
260 _aMadrid :
_b[s.n.],
_c1891 (
_fTip. de L. Peant)
300 _a20 p. ;
_c20 cm.
852 _aES-MaACL
_jT-677-F-2
999 _c190257
_d190257